00832 a2200181 450000500170000002000220001708200150003910000210005424500930007526000580016830000430022670000210026985600560029094200130034699900150035995201380037495201380051220250414085318.0 a978-3-659-20156-1 a651.7 MAC aMACHUMU, H .J . aImproving and Using Communication Skills: A Guide for Mastering University Assignment aMorogoro, bLap Lambert Academic Publishing,c201`2. axi, 155p.: ill.;bbibliograph,c22cm. aMSABILA, D . T . yAccess Online BookfCommunicationdwww.ingimage.com 2ddccBKS c1364d1364 r2025-04-14 08:56:53l0o651.7 MACp0000005257v701250.00w2025-04-14yBKS102ddc407000aCBEMLbCBEMLcGENd2025-04-14g233750.00 r2025-04-14 08:56:53l0o651.7 MACp0000005258v701250.00w2025-04-14yBKS102ddc407000aCBEMLbCBEMLcGENd2025-04-14g233750.00